[Event "ROM-chT Blitz"]
[Site "Sebes"]
[Date "2022.12.04"]
[Round "2.30"]
[White "Burja Udrea, Razvan Andrei"]
[Black "Campian, Cristian"]
[Result "1-0"]
[WhiteElo "1365"]
[BlackElo "1998"]
[PlyCount "55"]
[EventDate "2022.12.04"]
[EventType "team-swiss (blitz)"]
[EventRounds "8"]
[EventCountry "ROU"]
[SourceTitle "CBM 211 Extra"]
[Source "ChessBase"]
[SourceDate "2023.01.31"]
[SourceVersion "1"]
[SourceVersionDate "2023.01.31"]
[SourceQuality "1"]
[WhiteTeam "Alba Iulia Unirea III"]
[BlackTeam "Alba Iulia Unirea II"]
[WhiteTeamCountry "ROU"]
[BlackTeamCountry "ROU"]

1. e4 c5 2. Nf3 Nc6 3. c3 d5 4. exd5 Qxd5 5. d4 e6 6. Be3 cxd4 7. Nxd4 Nxd4 8. Qxd4 Qxd4 9. Bxd4 Nf6 10. Nd2 Bd7 11. 0-0-0 Bc6 12. Nf3 Be7 13. Be2 0-0 14. h4 a6 15. h5 Nd5 16. h6 g6 17. Ne5 Nf4 18. Bf3 Bxf3 19. gxf3 Ne2+ 20. Kb1 Nxd4 21. cxd4 Rfd8 22. Nc4 Rac8 23. Ne3 Bf6 24. d5 exd5 25. Nxd5 Rd6 26. Nxf6+ Rxf6 27. Rh3 Kf8 28. Rd7 1-0

[Event "ROM-chT Blitz"]
[Site "Sebes"]
[Date "2022.12.04"]
[Round "1.22"]
[White "Campian, Cristian"]
[Black "Ileana, George"]
[Result "0-1"]
[WhiteElo "1998"]
[BlackElo "2343"]
[PlyCount "96"]
[EventDate "2022.12.04"]
[EventType "team-swiss (blitz)"]
[EventRounds "8"]
[EventCountry "ROU"]
[SourceTitle "CBM 211 Extra"]
[Source "ChessBase"]
[SourceDate "2023.01.31"]
[SourceVersion "1"]
[SourceVersionDate "2023.01.31"]
[SourceQuality "1"]
[WhiteTeam "Alba Iulia Unirea II"]
[BlackTeam "Alba Iulia Unirea"]
[WhiteTeamCountry "ROU"]
[BlackTeamCountry "ROU"]

1. e4 c5 2. Nc3 d6 3. f4 Nf6 4. Nf3 g6 5. Bc4 Bg7 6. 0-0 0-0 7. d3 Nc6 8. a4 e6 9. Ne2 d5 10. exd5 exd5 11. Bb3 Re8 12. c3 Ng4 13. d4 c4 14. Bc2 f6 15. Ng3 Ne3 16. Bxe3 Rxe3 17. f5 g5 18. Nh5 Bf8 19. Re1 Rxe1+ 20. Qxe1 Kf7 21. Qe2 Bd7 22. Re1 Bd6 23. g4 Qc7 24. Qf2 Re8 25. Rxe8 Bxe8 26. Qe2 Qe7 27. Qxe7+ Nxe7 28. Kg2 Nc8 29. Ng3 Nb6 30. a5 Nc8 31. h4 h6 32. hxg5 hxg5 33. Nf1 Bc7 34. Ne3 Ne7 35. a6 b5 36. b3 Bd7 37. bxc4 bxc4 38. Nd1 Bb5 39. Nb2 Ba5 40. Nd1 Ke8 41. Nd2 Kd7 42. Nb1 Kd6 43. Kf3 Bxa6 44. Ba4 Bb7 45. Ne3 Bc6 46. Bxc6 Nxc6 47. Na3 a6 48. Nac2 Bxc3 0-1

[Event "ROM-chT Blitz"]
[Site "Sebes"]
[Date "2022.12.04"]
[Round "6.30"]
[White "Tinta, Gheorghe"]
[Black "Campian, Cristian"]
[Result "1-0"]
[WhiteElo "1860"]
[BlackElo "1998"]
[PlyCount "97"]
[EventDate "2022.12.04"]
[EventType "team-swiss (blitz)"]
[EventRounds "8"]
[EventCountry "ROU"]
[SourceTitle "CBM 211 Extra"]
[Source "ChessBase"]
[SourceDate "2023.01.31"]
[SourceVersion "1"]
[SourceVersionDate "2023.01.31"]
[SourceQuality "1"]
[WhiteTeam "Medgidia"]
[BlackTeam "Alba Iulia Unirea II"]
[WhiteTeamCountry "ROU"]
[BlackTeamCountry "ROU"]

1. d4 d5 2. Nf3 Nf6 3. g3 c6 4. Bg2 Bg4 5. Ne5 Bf5 6. 0-0 Nbd7 7. Nxd7 Nxd7 8. f3 e5 9. e4 dxe4 10. fxe4 Bg6 11. c3 Be7 12. Qb3 Qb6 13. Qxb6 axb6 14. Be3 b5 15. Nd2 0-0 16. a3 Rad8 17. Nb3 f6 18. Rad1 Bh5 19. Rd2 Bg6 20. h3 f5 21. exf5 Rxf5 22. Rxf5 Bxf5 23. g4 Bg6 24. d5 Nf6 25. dxc6 bxc6 26. Rxd8+ Bxd8 27. Bxc6 b4 28. axb4 e4 29. g5 Nh5 30. Bd5+ Kf8 31. h4 Ng3 32. Kf2 Nf5 33. Nc5 Nxh4 34. Ne6+ Ke8 35. Nxg7+ Kd7 36. Ne6 Be7 37. Bb3 Nf5 38. b5 Bf7 39. Nd4 Nxd4 40. Bxf7 Nxb5 41. c4 Nd6 42. Bd5 Nf5 43. b3 Bb4 44. Ba7 Bd2 45. Bxe4 Nd4 46. Bxd4 Bxg5 47. Bxh7 Be7 48. Kf3 Kc6 49. Be4+ 1-0